000 00589nam a22002173a 4500
999 _c6702
_d6702
001 6702
003 BD-JhCC
005 20180401170741.0
008 961212s1953 stk 000 0 eng d
035 _a(BD-JhCC)6702
040 _aBD-JhCC
_dBD-JhCC
041 _aeng
082 _a428
_bDUB 1953
100 1 _aDubber, Alfred William Stewart.
245 1 0 _aInterpretation and language exercises /
_cAlfred William Stewart Dubber
260 _aGlasg :
_c1953.
_bRobert Gibson and Sons.,
300 _a143 p. :
_c18 cm.
650 _aEnglish Language
942 _2ddc
_cBK